Préfectures d'un département commençant par une voyelle (mort subite) - Statistiques

Statistiques générales
  • Ce quiz a été pris 62 fois
  • Le résultat moyen est 8 sur 12
Answers on the Grid
Answers color-coded by a green-red scale on the quiz's grid according to % correct below.
Alençon
Aurillac
Auxerre
Bourg-en-Bresse
Chartres
Clermont-Ferrand
Épinal
Évry-Courcouronnes
Foix
Grenoble
Lille
Lyon
Marseille
Montauban
Nice
Nîmes
Niort
Poitiers
Privas
Rennes
Rouen
Saint-Brieuc
Tours
Versailles
 
Statistiques - réponses
Réponse % Correct
Orne Alençon
86%
Isère Grenoble
79%
Yonne Auxerre
74%
Ille-et-Vilaine Rennes
71%
Yvelines Versailles
71%
Ain Bourg-en-Bresse
69%
Alpes-Maritimes Nice
69%
Eure-et-Loir Chartres
64%
Ariège Foix
64%
Essonne Évry-Courcouronnes
62%
Indre-et-Loire Tours
57%
Ardèche Privas
55%
Aucun quiz correspondant
Distribution des résultats
% des personnes avec chaque résultat
Percentile par nombre de réponses
Votre historique - résultats
Vous n’avez pas pris ce quiz